Ramón Xirau y la importancia de la poesía (Record no. 196534)

MARC details
000 -LEADER
campo de control de longitud fija 01469nam a2200337 i 4500
001 - NÚMERO DE CONTROL
campo de control 196534
003 - IDENTIFICADOR DE NÚMERO DE CONTROL
campo de control ES-MaACL
005 - FECHA Y HORA DE LA ÚLTIMA TRANSACCIÓN
campo de control 20250413175014.0
007 - CAMPO FIJO DE DESCRIPCIÓN FÍSICA--INFORMACIÓN GENERAL
campo de control de longitud fija ta
008 - DATOS DE LONGITUD FIJA--INFORMACIÓN GENERAL
campo de control de longitud fija 241004b1978 sp ||||| |||| 00| 0 spa d
040 ## - FUENTE DE CATALOGACIÓN
Lengua de catalogación spa
Centro/agencia transcriptor ES-MaACL
Centro/agencia modificador ES-MaACL
245 00 - MENCIÓN DEL TÍTULO
Título Ramón Xirau y la importancia de la poesía
246 10 - FORMA VARIANTE DEL TITULO
Título propio/Titulo breve Iwaszkiewcz, Peiper, Przybos, Jerzy Lec, Herbert y otros grandes de la poesía polaca reunidos aquí por Krystyna Rodowska para deleite de todos los que aman y quieren a la poesía
260 ## - PUBLICACIÓN, DISTRIBUCIÓN, ETC.
Lugar de publicación, distribución, etc. Ciudad de México :
Nombre del editor, distribuidor, etc. Instituto Nacional de Bellas Artes, Dirección de Literatura,
Fecha de publicación, distribución, etc. 1978
300 ## - DESCRIPCIÓN FÍSICA
Extensión 16 p. ;
Otras características físicas il. n.;
Dimensiones 31 cm
336 ## - TIPO DE CONTENIDO
Fuente rdacontent
Término de tipo de contenido texto
337 ## - TIPO DE MEDIO
Fuente rdamedia
Nombre/término del tipo de medio sin mediación
338 ## - TIPO DE SOPORTE
Fuente rdacarrier
Nombre/término del tipo de soporte volumen
490 1# - MENCIÓN DE SERIE
Mención de serie La Semana de Bellas Artes
Designación de volumen o secuencia 48
505 ## - NOTA DE CONTENIDO CON FORMATO
Nota de contenido con formato Antología de la poesía polaca contemporánea / traducción, introducción y notas de Krystyna Rodowska
600 04 - PUNTO DE ACCESO ADICIONAL DE MATERIA--NOMBRE DE PERSONA
9 (RLIN) 117518
Nombre de persona Xirau, Ramón,
Fechas asociadas al nombre 1924-2017
655 #7 - TERMINO DE INDIZACIÓN--GENERO/FORMA
Fuente del término tgfbne
9 (RLIN) 176539
Datos o término principal de género/forma Poesías
700 1# - ENTRADA AGREGADA--NOMBRE PERSONAL
9 (RLIN) 234314
Nombre de persona Rodowska, Krystyna,
Fechas asociadas al nombre 1937-
Término indicativo de función/relación Traductor
830 ## - PUNTO DE ACCESO ADICIONAL DE SERIE-TÍTULO UNIFORME
Título uniforme La Semana de Bellas Artes;
Designación de volumen o secuencia 48
9 (RLIN) 239031
852 ## - LOCALIZACIÓN
Ubicación ES-MaACL
Ubicación en estantería Depósito folletos
Número de control de estantería FOLL-BUE-31
Donativo/Legado Legado: Antonio Buero Vallejo
itemnumber 204247
903 ## - NOMBRE PERSONAL DE DONANTE
9 32421
a Buero Vallejo, Antonio,
q 1
d 1916-2000
e Donante
942 ## - ELEMENTOS DE ENTRADA SECUNDARIOS (KOHA)
Suprimir en OPAC No
Tipo de ítem Koha Folleto
Holdings
Estatus retirado Estado de pérdida Fuente del sistema de clasificación o colocación Estado de daño No para préstamo Colección Biblioteca de origen Biblioteca actual Ubicación en estantería Fecha de adquisición Fuente de adquisición Total de préstamos Signatura topográfica completa Código de barras Visto por última vez Precio de reemplazo Tipo de ítem Koha
    Clasificación decimal universal     Colección de folletos Biblioteca del Ateneo de Madrid Biblioteca del Ateneo de Madrid Depósito folletos 04/10/2024 Legado   FOLL-BUE-31 101229070 04/10/2024 04/10/2024 Folleto